| 000 | 00000nam##2200000za#4500 |
| 001 | 9.581096 |
| 003 | CaOODSP |
| 005 | 20210624191344 |
| 007 | cr ||||||||||| |
| 008 | 150406|2003||||xxc|||||o f|0| 0 eng|d |
| 040 | |aCaOODSP|beng |
| 043 | |an-cn--- |
| 086 | 1 |aNH18-22/103-123E-PDF |
| 110 | 2 |aCanada Mortgage and Housing Corporation. |
| 245 | 10|aIntegrated community solutions : |h[electronic resource]|bRegina's affordable, sustainable housing design charrette |
| 250 | |aRevised 2006 |
| 260 | |aOttawa - Ontario : |bCanada Mortgage and Housing Corporation |cc2003, 2006. |
| 300 | |a4p.|billus. (some coloured) |
| 490 | 1 |aResearch highlight. Technical series|v03-123 |
| 500 | |aFile reproduced from original print. |
| 590 | |a14-19-Supp|b2014-11-03 |
| 775 | 08|tSolutions pour une collectivité intégrée : |w(CaOODSP)9.607956 |
| 776 | 0#|tIntegrated community solutions : |w(CaOODSP)9.616719 |
| 830 | #0|aResearch highlight. Technical series ;|v03-123|w(CaOODSP)9.504482 |
| 856 | 40|ahttp://publications.gc.ca|qPDF|s470 KB|uhttps://publications.gc.ca/collections/collection_2014/schl-cmhc/NH18-22-103-123-eng.pdf|y03-123 |